000 00410cam a2200157ua 4500
020 _a92 5 100997 x
041 _aeng
_h
082 _a631.5873
_bYOL/ME
100 _aYolland, Linel .
245 _aMechanised sprinkler irrigation /
_cLinel yolland.
_hTextual Documents
260 _a :
_bFood and agriculture organisation ,
_c1982.
300 _a409 ; .
504 _a
942 _cBK
999 _c4892
_d4892